| 000 | 00708nam a2200289 a 4500 | ||
|---|---|---|---|
| 003 | AR-BaBNM | ||
| 005 | 20251128210228.0 | ||
| 008 | 082120s2002 ||||||||||||||000 | spa|| | ||
| 020 | _a84-206-4686-5 | ||
| 040 | _cAR-BaBNM | ||
| 100 | 1 | _aAlfaya, Javier | |
| 245 | 0 | 0 | _aChaikovsky |
| 260 |
_aMadrid _bAlianza Editorial _c1995 |
||
| 300 | _a63 p. | ||
| 490 | 0 |
_aAlianza Cien _vv. 86 |
|
| 500 | _aContiene lista de obras fundamentales en p. 61 | ||
| 650 | 4 | _aBIOGRAFIAS | |
| 650 | 4 | _aMUSICOS | |
| 650 | 4 | _aMUSICA CLASICA | |
| 650 | 4 | _aCOMPOSITORES | |
| 650 | 4 | _aSIGLO DIECINUEVE | |
| 650 | 4 | _aFORMAS MUSICALES | |
| 651 | 4 | _aRusia | |
| 655 | _aBIOGRAFIAS | ||
| 942 | _cBK | ||
| 998 | _cMARTIN | ||
| 999 |
_c14591 _d14591 |
||